1302 1312 1514 1031 1423 1854 1485 1848 1451 1451 1800 1470 1686 1879 1575 1610 1669 1932 1636 1978 1784 1512 1857 1347 1293 1418 1452 1853 1314 1439 1080 1767 1972 1932 1662 1668 1741 1715 1539 1905 1860 1926 1209 1450 1509 1414 1938 1339 1880 1518 1180 1987 1365 1517 1763 1738 1743 1934 1441 1476 1272 1540 1071 1120 1149 1492 1824 1249 1179 1094 1187 1564 1495 1884 1881 1887 1249 1363 1305 1271 1122 1784 1241 1135 1800 1363 1061 1919 1424 1493 1161 1458 1807 1732 1305 1567 1766 1374 1384 BCNSPRNW ULIB Ver.6.0+V

เปลี่ยนเป็นภาษาไทย

Change to English
 แสดงรายละเอียดบรรณานุกรม
  กลับหน้าหลัก

Brief Record : Get Marc (ISO 2709) : E-mail record : QR code < ปิดหน้าต่าง
LEADER : 00000nam 2200000uu 4500
001    13399123560
003     ULIB
008    141008s2555||||th 000 0 tha d
020    ^a9786162791321
060 04 ^aQZ4^bต367
110 1  ^aมหาวิทยาลัยมหิดล^bคณะแพทยศาสตร์โรงพยาบาลรามาธิบดี. ^bภาควิชาพยาธิวิทยา
245 00 ^aตำราพยาธิวิทยากายวิภาค เล่ม 1 =^bAnatomical pathologyvolume 1 /^cบรรณาธิการ ศันสนีย์ วงศ์ไวศยวรรณ
246 31 ^aAnatomical pathology volume 1
250    ^aพิมพ์ครั้งที่ 2
260    ^aกรุงเทพฯ :^bโรงพิมพ์เดือนตุลา,^c2555
300    ^a615, [20] หน้า :^bภาพประกอบ ;^c30 ซม.
650  2 ^aPathology
650  4 ^aพยาธิวิทยา
650  4 ^aกายวิภาคศาสตร์
700 0  ^aธำรง จิรจริยาเวช,^eบรรณาธิการ
945    ^p1000^l0^i21161
945    ^p1000^l0^i21162
945    ^p1000^l0^i21163
945    ^p1000^l0^i21164
945    ^p1000^l0^i21165
945    ^p1000^l0^i21166
945    ^p1000^l0^i21167
945    ^p1000^l0^i21168
945    ^p1000^l0^i21169
945    ^p1000^l0^i21170
999    ^aทศพร เกษรทอง
รายการนี้ยังไม่มีแท็ก
คุณยังไม่ได้ล็อกอิน คุณสามารถมีกิจกรรมร่วมกับเว็บไซต์ได้ แต่ต้องล็อกอินก่อน ::
  ล็อกอิน

รายการสื่อสารสนเทศ

ลำดับที่ ประเภท เลขเรียก/บาร์โค้ด สถานที่ สถานะ
1. วิทยาศาสตร์การแพทย์ และสุขภาพ
วิทยาศาสตร์การแพทย์ และสุขภาพ
สถานะ=หนังสือเก่า
QZ4 ต367 ฉ.1 
  Barcode: 21161
ห้องสมุดวิทยาเขตนครสวรรค์
►ส่วนจัดเก็บหนังสือเก่า นว.
บนชั้น
  ขอยืม
2. วิทยาศาสตร์การแพทย์ และสุขภาพ
วิทยาศาสตร์การแพทย์ และสุขภาพ
สถานะ=หนังสือเก่า
QZ4 ต367 ฉ.10 
  Barcode: 21170
ห้องสมุดวิทยาเขตนครสวรรค์
►ส่วนจัดเก็บหนังสือเก่า นว.
บนชั้น
  ขอยืม
3. วิทยาศาสตร์การแพทย์ และสุขภาพ
วิทยาศาสตร์การแพทย์ และสุขภาพ
สถานะ=หนังสือเก่า
QZ4 ต367 ฉ.2 
  Barcode: 21162
ห้องสมุดวิทยาเขตนครสวรรค์
►ส่วนจัดเก็บหนังสือเก่า นว.
บนชั้น
  ขอยืม
4. วิทยาศาสตร์การแพทย์ และสุขภาพ
วิทยาศาสตร์การแพทย์ และสุขภาพ
สถานะ=หนังสือเก่า
QZ4 ต367 ฉ.3 
  Barcode: 21163
ห้องสมุดวิทยาเขตนครสวรรค์
►ส่วนจัดเก็บหนังสือเก่า นว.
บนชั้น
  ขอยืม
5. วิทยาศาสตร์การแพทย์ และสุขภาพ
วิทยาศาสตร์การแพทย์ และสุขภาพ
สถานะ=หนังสือเก่า
QZ4 ต367 ฉ.4 
  Barcode: 21164
ห้องสมุดวิทยาเขตนครสวรรค์
►ส่วนจัดเก็บหนังสือเก่า นว.
บนชั้น
  ขอยืม
6. วิทยาศาสตร์การแพทย์ และสุขภาพ
วิทยาศาสตร์การแพทย์ และสุขภาพ
สถานะ=หนังสือเก่า
QZ4 ต367 ฉ.5 
  Barcode: 21165
ห้องสมุดวิทยาเขตนครสวรรค์
►ส่วนจัดเก็บหนังสือเก่า นว.
บนชั้น
  ขอยืม
7. วิทยาศาสตร์การแพทย์ และสุขภาพ
วิทยาศาสตร์การแพทย์ และสุขภาพ
สถานะ=หนังสือเก่า
QZ4 ต367 ฉ.6 
  Barcode: 21166
ห้องสมุดวิทยาเขตนครสวรรค์
►ส่วนจัดเก็บหนังสือเก่า นว.
บนชั้น
  ขอยืม
8. วิทยาศาสตร์การแพทย์ และสุขภาพ
วิทยาศาสตร์การแพทย์ และสุขภาพ
สถานะ=หนังสือเก่า
QZ4 ต367 ฉ.7 
  Barcode: 21167
ห้องสมุดวิทยาเขตนครสวรรค์
►ส่วนจัดเก็บหนังสือเก่า นว.
บนชั้น
  ขอยืม
9. วิทยาศาสตร์การแพทย์ และสุขภาพ
วิทยาศาสตร์การแพทย์ และสุขภาพ
สถานะ=หนังสือเก่า
QZ4 ต367 ฉ.8 
  Barcode: 21168
ห้องสมุดวิทยาเขตนครสวรรค์
►ส่วนจัดเก็บหนังสือเก่า นว.
บนชั้น
  ขอยืม
10. วิทยาศาสตร์การแพทย์ และสุขภาพ
วิทยาศาสตร์การแพทย์ และสุขภาพ
สถานะ=หนังสือเก่า
QZ4 ต367 ฉ.9 
  Barcode: 21169
ห้องสมุดวิทยาเขตนครสวรรค์
►ส่วนจัดเก็บหนังสือเก่า นว.
บนชั้น
  ขอยืม

รายการใกล้เคียง
    หัวเรื่อง [Pathology]
    หัวเรื่อง [พยาธิวิทยา]
    หัวเรื่อง [กายวิภาคศาสตร์]

BibComment


ยังไม่เคยถูกคอมเมนท์

คอมเมนท์ทรัพยากรรายการนี้
  คอมเมนท์: ตำราพยาธิวิทยากา..


 Copyright 2026. Bcnsprnw @Library